000 01068pam a2200313 a 4500
001 896
005 20250619105826.0
020 _a0679983406 (lib. bdg.)
020 _a0590706373
040 _aDLC
_cDLC
_dDLC
_beng
050 0 0 _aPZ7.O81167
_bLi 1998
082 0 0 _aFic
_221
100 1 _aOsborne, Mary Pope.
245 1 0 _aLions at lunchtime
_cby Mary Pope Osborne ; illustrated by Sal Murdocca.
260 _aNew York :
_bRandom House,
_c1998.
300 _a70 pages :
_billustrations ;
_c20 cm
490 _aMagic Tree House
_vBook 11
500 _a"A stepping stone book."
505 _aM
520 _aThe magic tree house takes Jack and Annie to Africa where they meet up with wonderful wild animals, a very hungry warrior, and where they even solve a riddle.
521 0 _a550
_bLexile
521 0 _aM
_bRaz-Plus
650 1 _aTree houses
_xFiction.
650 1 _aMagic
_xFiction.
650 1 _aAnimals
_zAfrica
_vFiction.
700 1 _aMurdocca, Sal
_eillustrator
906 _a7
_bcbc
_corignew
_d1
_eocip
_f19
_gy-gencatlg
942 _2ddc
_cBK
_n0
999 _c896
_d896